| 000 | 00480nam a2200169 i 4500 | ||
|---|---|---|---|
| 001 | 85127 | ||
| 003 | ES-MaACL | ||
| 005 | 20230906175203.0 | ||
| 007 | t| | ||
| 008 | 041125s1909 fr ||||1| fre d | ||
| 100 | 1 |
_aJosué, O. _967007 |
|
| 245 | 1 | 0 |
_aTraité de l'artério-sclérose / _cpar O. Josué ; preface de M. Roger. |
| 260 |
_aParis : _b[s.n.], _c1909 ( _eTours : _fMame) |
||
| 300 |
_aXII, 404 p. ; _c21 cm. |
||
| 700 | 1 |
_aRoger, M. _998932 |
|
| 852 |
_aES-MaACL _jB-11772 |
||
| 999 |
_c85127 _d85127 |
||